The immortals of Meluha/ (Record no. 83712)

MARC details
000 -LEADER
fixed length control field 00670nam a22001937a 4500
010 ## - LCCN (DPL NO)
LC control number B-529804
020 ## - INTERNATIONAL STANDARD BOOK NUMBER
International Standard Book Number 9789380658742
Terms of availability 295.00
035 ## - SYSTEM CONTROL NUMBER
System control number B-529804
037 ## - SOURCE OF ACQUISITION
Source of stock number/acquisition UBH
082 ## - DEWEY DECIMAL CLASSIFICATION NUMBER
Classification number N
100 ## - MAIN ENTRY--PERSONAL NAME
Personal name Amish
245 ## - TITLE STATEMENT
Title The immortals of Meluha/
Statement of responsibility, etc by Amish
260 ## - PUBLICATION, DISTRIBUTION, ETC. (IMPRINT)
Place of publication, distribution, etc Chennai
Name of publisher, distributor, etc Westland
Date of publication, distribution, etc 2010
270 ## - ADDRESS
Address 61, Silverline Building, 2nd floor, Alapakkam Main Road Mauravoyal
City Chennai
Postal code 600095
300 ## - PHYSICAL DESCRIPTION
Extent 415p
Dimensions 18cm(pb)
490 ## - SERIES STATEMENT
Series statement Shiva Trilogy 1
942 ## - ADDED ENTRY ELEMENTS (KOHA)
Source of classification or shelving scheme Dewey Decimal Classification
Item type English Books
Classification part N
Call number suffix AMI
Holdings
Withdrawn status Lost status Not for loan Collection code Home library Current library Date acquired Source of acquisition Full call number Barcode Copy number Cost, replacement price Koha item type
      Fiction Sarojini Nagar Sarojini Nagar 23/04/2014 UBH/251/13.2.14/DPL/ZLS/RP/2013-14/4/515/5.2.1421.2.14 N AMI B-529804 1 295.00 English Books

© Delhi Public Library
Hit Counter
free hit counter